000 00293nam a22001337a 4500
008 170405b xxu||||| |||| 00| 0 eng d
020 _a2800781726629
041 _aeng
080 _a616.15
100 _a9
101 _aSHM
245 _aATLAS OF HEMATOLOGY
_cANDERSON, SH.C
942 _2udc
_cBK
999 _c9902
_d9902